Sexualidades y sociedades contemporáneas
محفوظ في:
| المؤلفون الرئيسيون: | , |
|---|---|
| التنسيق: | كتاب |
| اللغة: | الإسبانية |
| منشور في: |
Santiago
Universidad Academia de Humanismo Cristiano
2003
|
| الطبعة: | 1a. ed |
| سلاسل: | Colección Seminarios
|
| الموضوعات: | |
| الوسوم: |
إضافة وسم
لا توجد وسوم, كن أول من يضع وسما على هذه التسجيلة!
|
MARC
| LEADER | 00000nam a2200000 a 4500 | ||
|---|---|---|---|
| 001 | UCI9740 | ||
| 003 | CL-VaPUC | ||
| 008 | 081204e20030000CL |||||||||||||||||spa|d | ||
| 020 | |a 95673820805 | ||
| 082 | 0 | 4 | |a 305.3 |b ARA |2 21 |
| 100 | 0 | |a Araujo, Kathya |e author |9 533657 | |
| 700 | 0 | |a Ibarra, Carolina |e author |9 533658 | |
| 245 | 1 | 0 | |a Sexualidades y sociedades contemporáneas |
| 250 | |a 1a. ed | ||
| 300 | |a 160 p | ||
| 942 | |c BK | ||
| 945 | |d 20081204 00:00:00 |a jtorresc | ||
| 260 | |a Santiago |b Universidad Academia de Humanismo Cristiano |c 2003 | ||
| 650 | 0 | |a Sexo |9 257818 | |
| 650 | 0 | |a Reproducción |9 269783 | |
| 650 | 0 | |a Modernidad |9 265371 | |
| 650 | 0 | |a Discriminación sexual |9 313877 | |
| 650 | 0 | |a Aspectos sociales |9 254894 | |
| 650 | 0 | |a Cambio social |9 256857 | |
| 583 | |a last modification |c 20081204 00:00:00 |k Rodrigo Vera | ||
| 490 | 0 | |a Colección Seminarios | |
| 999 | |c 332219 |d 332217 | ||
| 952 | |0 0 |1 0 |4 0 |6 305_300000000000000_ARA_2003 |7 0 |8 A |9 419730 |a BIBTEO |b BIBTEO |d 2019-11-22 |i 4502582 |l 2 |o 305.3 ARA 2003 |p 4502582 |r 2025-01-17 |s 2024-06-04 |w 2019-11-22 |y BK |k ICR | ||